| Поле | Название | Значение |
| |
Тип записи |
a |
| |
Библиографический уровень |
m |
| 001 |
Контрольный номер |
RU/CBS_UL/BASE/555760187 |
| 005 |
Дата корректировки |
20240209174735.6 |
| 010 |
Индекс ISBN |
__ |
| a |
ISBN |
978-5-9795-1616-5 |
| d |
Цена |
20 р. 00 к. |
| 9 |
Тираж |
100 экз. |
| 100 |
Данные общей обработки |
__ |
| a |
Данные общей обработки |
20170811d2017 ||| 0rusy0189 ca |
| 101 |
Язык документа |
0_ |
| a |
Язык текста |
rus |
| 102 |
Страна публикации |
__ |
| a |
Страна публикации |
RU |
| 105 |
Кодированные данные (монография) |
__ |
| a |
Кодированные данные (монография) |
y###||||000|y |
| 200 |
Заглавие и сведения об ответственности |
1_ |
| a |
Заглавие |
Компьютерная и микропроцессорная техника в исследовании и управлении электропривода. Архитектура микропроцессорной и компьютерной техники |
| b |
Общее обозначение материала |
Текст |
| e |
Сведения, относящиеся к заглавию |
учебное пособие |
| g |
Последующие сведения об ответственности |
Министерство образования и науки Российской Федерации |
| g |
Последующие сведения об ответственности |
Федеральное государственное бюджетное образовательное учреждение высшего образования "Ульяновский государственный технический университет" |
| g |
Последующие сведения об ответственности |
сост. В. М. Иванов |
| 210 |
Выходные данные |
1_ |
| a |
Место издания |
Ульяновск |
| c |
Издательство |
УлГТУ |
| d |
Дата издания |
2016 |
| 215 |
Физическое описание |
__ |
| a |
Объем |
227 с. |
| c |
Иллюстрации/тип воспроизводства |
ил. |
| d |
Формат |
20 см. |
| 300 |
Общие примечания |
__ |
| a |
Общие примечания |
Ограничения по возрасту - 18+ |
| 606 |
Тематические рубрики |
0_ |
| a |
Основная рубрика |
Электротехнологические установки - Учебники |
| 610 |
Ключевые слова |
0_ |
| a |
Ключевые слова |
персональные компьютеры |
| a |
Ключевые слова |
компьютерная техника |
| a |
Ключевые слова |
системы микропроцессорные |
| a |
Ключевые слова |
микропроцессоры |
| a |
Ключевые слова |
микроконтроллеры |
| 686 |
Индексы других классификаций |
__ |
| a |
Классификационный индекс |
32.973.26я73 |
| 2 |
Код системы |
ББК |
| 801 |
Источник записи |
_0 |
| a |
Страна |
RU |
| b |
Организация |
МБУК ЦБС |
| c |
Дата составления |
20170811 |
| g |
Правила каталогизации |
RCR |
| 801 |
Источник записи |
_1 |
| a |
Страна |
RU |
| b |
Организация |
МБУК ЦБС г. Ульяновска |
| c |
Дата составления |
20170811 |
| g |
Правила каталогизации |
RCR |
| 899 |
Данные о местонахождении |
__ |
| i |
Авторский знак |
К 63 |
| j |
Расстановочный фильтр |
32.973.26 |
| 901 |
Тип документа |
__ |
| t |
Тип документа |
m |
| 910 |
Корректоры записи |
__ |
| a |
Корректор записи |
Хисамова |